Loading...
എപ്പിസോഡില് ഒതുങ്ങാത്ത കൃഷ്ണന്കുട്ടി
| Main Author: | |
|---|---|
| Format: | Printed Book |
| Published: |
Logos Books
Palakkad
2015
|
| Subjects: |
| LEADER | 00624nam a22001817a 4500 | ||
|---|---|---|---|
| 003 | OSt | ||
| 020 | |a 9789385064104 | ||
| 082 | |a 813.2 |b FAZ/EP | ||
| 100 | |a Fazil | ||
| 245 | |a എപ്പിസോഡില് ഒതുങ്ങാത്ത കൃഷ്ണന്കുട്ടി | ||
| 260 | |a Logos Books |b Palakkad |c 2015 | ||
| 300 | |a 86p | ||
| 500 | |a Episodil othungatha krishnankutty | ||
| 546 | |a Malayalam | ||
| 650 | |a Stories | ||
| 942 | |2 ddc |c BK | ||
| 999 | |c 156695 |d 156695 | ||
| 952 | |0 0 |1 0 |2 ddc |4 0 |6 813_200000000000000_FAZEP |7 0 |8 Gen |9 155893 |a KAUCLV |b KAUCLV |c GENERAL |d 2017-07-19 |g 80.00 |o 813.2 FAZ/EP |p 226015 |r 2017-07-19 |y BK | ||